Relajacin̤ formal de la donacin̤

Bibliographic Details
Main Author: Poveda Bernal, Margarita Isabel
Format: eBook
Language:Spanish
Published: Madrid : Dykinson, 2004
Subjects:
Online Access:http://www.vlex.com/source/7045

MARC

LEADER 00000nam a22000007a 4500
005 20130222115029.0
007 cr|||| ||||
008 130222e2004 sp |||||s|||| 00||0 spa d
020 |a 978-84-9031-187-5 
035 |a 7045 
040 |a vLex 
090 |c 3723  |d 3723 
100 1 0 |a Poveda Bernal, Margarita Isabel  
245 1 0 |a Relajacin̤ formal de la donacin̤  |h [Recurso electrn̤ico] 
256 |a Servicio en ln̕ea 
260 |a Madrid :  |b Dykinson,   |c 2004  
300 |a 1 Recurso electrn̤ico 
650 0 4 |a Donaciones  |z Espaą 
650 0 4 |a Derecho civil  |z Espaą 
650 0 4 |a Adquisiciones 
740 |a vLex Libros (Servicio en ln̕ea) 
856 |a Acceso restringido  |u http://www.vlex.com/source/7045 
942 |c BOOK 
999 0 |a Civil law